Indycar Drivers By Random Picture - Statistics

General Stats
  • This quiz has been taken 38 times
  • The average score is 10 of 14
Answer Stats
Picture Answer % Correct
Pato O'Ward
97%
Scott Dixon
94%
Josef Newgarden
91%
Helio Castroneves
88%
Takuma Sato
88%
David Malukas
85%
Tony Kanaan
85%
Scott McLaughlin
82%
Conor Daly
79%
Augastine Canapino
64%
Simon Pagenaud
61%
James Hinchcliffe
52%
Paul Tracy
42%
Miles Rowe
27%
No matching quizzes found
Score Distribution
Percent of People with Each Score
Percentile by Number Answered
Your Score History
You have not taken this quiz